| 000 | 00878nam a2200241 a 4500 | ||
|---|---|---|---|
| 001 | 47710 | ||
| 003 | BD-RjUL | ||
| 005 | 20211209054356.0 | ||
| 008 | 160810r20091939b ||||| |||| 00| 0 eng d | ||
| 020 | _a9788175220928(V.19) | ||
| 020 | _a9788175220928(Set) | ||
| 035 | _a(BD-RjUL)47829 | ||
| 040 |
_aBD-RjUL _bben _cBD-RjUL |
||
| 041 | _aben | ||
| 082 |
_223 _a781.1 _bRAN 2009 |
||
| 100 | 1 |
_aঠাকুর, রবীন্দ্রনাথ _9144928 |
|
| 245 | 1 | 0 |
_aনৃত্যনাট্য শ্যামা / _cরবীন্দ্রনাথ ঠাকুর |
| 260 |
_aকলকাতা : _bবিশ্বভারতী গ্রন্থবিভগ, _c২০০৯. |
||
| 300 |
_a১০১ পৃ ; _c২৪ সেমি. |
||
| 650 |
_aসঙ্গীত মূলনীতি _9144929 |
||
| 650 |
_aBasic Principles of Music _9144930 |
||
| 942 |
_2ddc _cBK |
||
| 999 |
_c47710 _d47710 |
||